[Event "Leipzig VfB op 16th"]
[Site "Leipzig"]
[Date "2009.04.03"]
[Round "6"]
[White "Werther, Jens"]
[Black "Amarell, Harry"]
[Result "1/2-1/2"]
[WhiteElo "1687"]
[BlackElo "1960"]
[PlyCount "82"]
[EventDate "2009.03.31"]
[EventType "swiss"]
[EventRounds "9"]
[EventCountry "GER"]
[SourceTitle "EXT 2010"]
[Source "ChessBase"]
[SourceDate "2010.11.25"]
[SourceVersion "1"]
[SourceVersionDate "2010.11.25"]
[SourceQuality "1"]

1. Nf3 Nf6 2. d4 d5 3. c4 dxc4 4. e3 b5 5. a4 c6 6. b3 cxb3 7. Qxb3 Be6 8. Qc2 b4 9. Ne5 Bd7 10. a5 e6 11. Nd2 Qc7 12. Nb3 Bd6 13. Bd2 0-0 14. Qb2 Ne4 15. Nxd7 Nxd7 16. g3 Rab8 17. Rc1 Nxd2 18. Qxd2 Rfc8 19. Ba6 Rd8 20. 0-0 c5 21. Qc2 Qc6 22. Qc4 Nf6 23. dxc5 Be5 24. Nd4 Bxd4 25. exd4 Nd5 26. Qd3 Nc3 27. Bc4 e5 28. Qf5 exd4 29. Bxf7+ Kh8 30. Bc4 b3 31. Bd3 Qg6 32. c6 Rdc8 33. Qxc8+ Rxc8 34. Bxg6 hxg6 35. Rb1 Nxb1 36. Rxb1 Rxc6 37. Rxb3 Rc3 38. Rb8+ Kh7 39. Rd8 Rc5 40. Rxd4 Rxa5 41. Kg2 g5 1/2-1/2

[Event "Leipzig VfB op 15th"]
[Site "Leipzig"]
[Date "2008.03.01"]
[Round "8"]
[White "Amarell, Harry"]
[Black "Huelle, Gunter"]
[Result "1-0"]
[WhiteElo "1598"]
[BlackElo "1795"]
[PlyCount "49"]
[EventDate "2008.02.26"]
[EventType "swiss"]
[EventRounds "9"]
[EventCountry "GER"]
[SourceTitle "CBM 123 Extra"]
[Source "ChessBase"]
[SourceDate "2008.05.06"]
[SourceVersion "1"]
[SourceVersionDate "2008.05.06"]
[SourceQuality "1"]

1. e4 e6 2. d4 d5 3. e5 c5 4. c3 Qb6 5. Nf3 Nc6 6. Be2 Bd7 7. 0-0 a5 8. a4 cxd4 9. cxd4 Bb4 10. Nc3 Nge7 11. Nb5 0-0 12. Bd3 g6 13. Bh6 Rfc8 14. Be3 Na7 15. Nxa7 Qxa7 16. Ng5 Nf5 17. Qf3 Rf8 18. Qh3 h5 19. g4 Ng7 20. gxh5 Nxh5 21. Be2 Kg7 22. Bxh5 Rh8 23. Qf3 Raf8 24. Qf6+ Kg8 25. Bxg6 1-0

[Event "Leipzig VfB op 14th"]
[Site "Leipzig"]
[Date "2007.03.24"]
[Round "7"]
[White "Schuetzhold, Frank"]
[Black "Amarell, Harry"]
[Result "1-0"]
[WhiteElo "1957"]
[BlackElo "1576"]
[PlyCount "37"]
[EventDate "2007.03.20"]
[EventType "swiss"]
[EventRounds "9"]
[EventCountry "GER"]
[SourceTitle "EXT 2008"]
[Source "ChessBase"]
[SourceDate "2007.11.25"]
[SourceVersion "1"]
[SourceVersionDate "2007.11.25"]
[SourceQuality "1"]

1. f4 d6 2. Nf3 Nc6 3. e4 Bg4 4. Bb5 a6 5. Bxc6+ bxc6 6. h3 Bd7 7. c4 e6 8. Nc3 g6 9. b3 Bg7 10. Bb2 d5 11. d3 f5 12. Qe2 Ne7 13. exd5 cxd5 14. cxd5 exd5 15. Nxd5 Bxb2 16. Qxb2 Rf8 17. Nf6+ Kf7 18. Ng5+ Kg7 19. Ne8+ 1-0

[Event "Leipzig VfB op 13th"]
[Site "Leipzig"]
[Date "2006.03.15"]
[Round "2"]
[White "Naumann, Peter"]
[Black "Amarell, Harry"]
[Result "1-0"]
[WhiteElo "1960"]
[BlackElo "1543"]
[PlyCount "107"]
[EventDate "2006.03.14"]
[EventType "swiss"]
[EventRounds "9"]
[EventCountry "GER"]
[SourceTitle "EXT 2008"]
[Source "ChessBase"]
[SourceDate "2007.11.25"]
[SourceVersion "1"]
[SourceVersionDate "2007.11.25"]
[SourceQuality "1"]

1. d4 e6 2. c4 d5 3. Nc3 Nf6 4. Bg5 Be7 5. Nf3 Nc6 6. e3 h6 7. Bxf6 Bxf6 8. cxd5 exd5 9. Bb5 a6 10. Bxc6+ bxc6 11. Qc2 0-0 12. Na4 Bd7 13. Nc5 Bg4 14. Nd2 Qe7 15. 0-0 Rfb8 16. a4 Rb4 17. Nd3 Rb6 18. a5 Rb5 19. Rfc1 c5 20. Nxc5 Qd6 21. Nb1 Rab8 22. b3 Bd8 23. Nc3 Rb4 24. Qd3 Qf6 25. Nxa6 Bf5 26. Qe2 Rxb3 27. Nxb8 Rxb8 28. Nxd5 Qd6 29. Rc5 c6 30. Nc3 Bc7 31. g3 Bh3 32. Qf3 Bd7 33. Ne4 Qg6 34. Rc3 h5 35. Nc5 Bc8 36. a6 Ra8 37. Rca3 h4 38. Qe4 hxg3 39. fxg3 Bf5 40. Qg2 Bb6 41. Rb3 Bxc5 42. dxc5 Qe6 43. Qb2 Kh7 44. a7 Qh6 45. Qf2 Qf6 46. Qb2 Qe7 47. Qa3 Qe8 48. Rb7 Bh3 49. Qd3+ g6 50. Ra4 Bf5 51. Rh4+ Kg8 52. Qd4 f6 53. Rhh7 Qf8 54. Qc4+ 1-0